Asterix and Caesar's gift

Bibliographic Details
Format: Book
Published: London : Hodder Dargaud , 1974

MARC

LEADER 00000cam a2200000 7i4500
001 0000003438
002 000003706
005 20000330.0
020 |a 034023301X 
090 0 0 |a C   |b AST 
245 0 0 |a Asterix and Caesar's gift   |c Goscinny 
260 |a London :   |b Hodder Dargaud ,   |c 1974 
300 |a 48p. ;   |c 29cm. 
999 |a 036956   |b BUKU   |c CARTOON   |e PERPUSTAKAAN KOMUNITI PETALING JAYA